000
00379nam a22001577a 4500
003
MPLRDC
005
20220104123441.0
008
210129b ||||| |||| 00| 0 eng d
082
_a
993.61 LZA
100
_a
庐志昂编著
245
_a
滑板技术
_c
260
_a
_b
香港万里书店
_c
1978
300
_b
平
650
_a
户外活动--滑板
942
_c
BK
_o
993.61 LZA
999
_c
11525
_d
11515